Visualizzazione normale
Vista MARC
- Pocar, Ervino
di Personal Name
Records bibliografici associati: 1
001 - CONTROL NUMBER
- control field: 57390
003 - CONTROL NUMBER IDENTIFIER
- control field:
005 - DATE AND TIME OF LATEST TRANSACTION
- control field: 20180927133159.0
008 - FIXED-LENGTH DATA ELEMENTS
- fixed length control field: 180927|| aca||aabn | a|a d
040 ## - CATALOGING SOURCE
- Original cataloging agency:
- Transcribing agency:
100 ## - HEADING--PERSONAL NAME
- Personal name: Pocar, Ervino
- Dates associated with a name: 1892-1981
- Relator term: tr.
670 ## - SOURCE DATA FOUND
- Source citation: Work cat.: (): Mann, Thomas Premio Nobel (1929) 1875-1955 autore 57389, I Buddenbrook ; Tolstoj. Per il centenario della nascita ; Richard Wagner e "L'anello del Nibelungo" ; Gothe e la Democratia /, 1985 [1952-53 ; 1958 ; 1953 ; 1958